На рассвете (Record no. 442364)

MARC details
000 -Лідер
fixed length control field 00747nam a22002177a 4500
003 - Ідентифікатор контрольного номера
control field UA-OsUOA
005 - Дата та час останнього входження (трансакції)
control field 20191002093927.0
008 - Елементи даних фіксованої довжини – загальна інформація
fixed length control field 190930b un ||||| |||| 00| 0 ukr d
040 ## - Джерело каталогізації
Агенція оригінальної каталогізації UA-OsUOA
Мова каталогізації ukr
Агенція, яка здійснювала перезапис UA-OsUOA
Агенція, яка здійснювала модифікацію UA-OsUOA
041 ## - Код мови
Код мови тексту/ звукової доріжки чи окремого заголовка (П) ukr
080 ## - Індекс Універсальної десяткової класифікації
Індекс Універсальної десяткової класифікації (УДК) (НП) 821.161.2
090 ## - Локальний шифр розміщення
Класифікаційний індекс УДК 821.161.2
Авторський знак (НП) М39
100 ## - Основне введення – ім’я особи
Ім’я особи (НП) Махмуд Т.
245 ## - Відомості про назву
Назва (НП) На рассвете
Решта назви (НП) стихи
Дані про відповідальність (НП) Тофик Махмуд
260 ## - Публікація, розповсюдження і т.п. (Вихідні дані)
Місце публікації, розповсюдження і т.п. (П) Москва
Ім’я/ наймення видавництва, розповсюджувача і т.п. (П) Советский писатель
Дата публікації, розповсюдження і т.п. (П) 1977
300 ## - Фізичний опис
Обсяг 62 с.
856 40 - Електронне місцезнаходження та доступ
Текст для зв’язку Клацніть тут для перегляду онлайн
942 ## - Додаткові елементи входу (Коха)
Source of classification or shelving scheme Universal Decimal Classification
Тип елемента Koha Books
955 ## - Код типу видання за змістом
Код типу видання за змістом (НП) Літературно-художні видання
Holdings
Стан вилучень Стан втрат Джерело класифікації або схеми стелажів Стан уражень Не для кредиту Постійне місце розташування Поточне розміщення Дата придбання Джерело придбання Інвентарний номер Усього замовленно Повний номер виклику Штрих-код Дата останнього перегляду Ціна ефективна від Тип елемента Koha
    Universal Decimal Classification     АБ - Абонемент НБ АБ - Абонемент НБ 30/09/2010 2010-09-30 14346   821.161.2 М39 14346 30/06/2022 30/09/2019 Books